Normal view
MARC view
- Spain History
Entry Topical Term
001 - CONTROL NUMBER
- control field: 112089
003 - CONTROL NUMBER IDENTIFIER
- control field: NUST
005 - DATE AND TIME OF LATEST TRANSACTION
- control field: 20230504102810.0
008 - FIXED-LENGTH DATA ELEMENTS
- fixed length control field: 230504|| aca||aabn | a|a d
040 ## - CATALOGING SOURCE
- Original cataloging agency: NUST
- Transcribing agency: NUST
150 ## - HEADING--TOPICAL TERM
- Topical term or geographic name entry element: Spain History
670 ## - SOURCE DATA FOUND
- Source citation: Work cat.: (NUST)187365: Cardozo, Harold G. 112088, The march of a nation :, 1937
